Plants and microclimate: a quantitative approach to environmental plant physiology (Record no. 81979)
[ view plain ]
| 000 -LEADER | |
|---|---|
| fixed length control field | 01133nam a2200253 a 4500 |
| 008 - FIXED-LENGTH DATA ELEMENTS--GENERAL INFORMATION | |
| fixed length control field | 120416s1992 ||||||||||||||||| || u |
| 020 ## - INTERNATIONAL STANDARD BOOK NUMBER | |
| International Standard Book Number | 0521425247 |
| 050 ## - LIBRARY OF CONGRESS CALL NUMBER | |
| Classification number | QK 754.5 Jon |
| 100 ## - MAIN ENTRY--PERSONAL NAME | |
| Personal name | Jones, Hamlyn G |
| 245 10 - TITLE STATEMENT | |
| Title | Plants and microclimate: a quantitative approach to environmental plant physiology |
| 250 ## - EDITION STATEMENT | |
| Edition statement | 2nd ed. |
| 260 ## - PUBLICATION, DISTRIBUTION, ETC. | |
| Place of publication, distribution, etc. | Cambridge |
| Name of publisher, distributor, etc. | Cambridge University Press |
| Date of publication, distribution, etc. | 1992 |
| 300 ## - PHYSICAL DESCRIPTION | |
| Extent | xxiv, 428p. : ill. |
| 350 ## - | |
| -- | 0.00 |
| 500 ## - GENERAL NOTE | |
| General note | Bibliography |
| 650 #0 - SUBJECT ADDED ENTRY--TOPICAL TERM | |
| Topical term or geographic name entry element | PLANT ECOPHYSIOLOGY--MATHEMATICAL MODELS |
| 650 #0 - SUBJECT ADDED ENTRY--TOPICAL TERM | |
| Topical term or geographic name entry element | PLANT--ATMOSPHERE RELATIONSHIPS--MATHEMATICAL MODELS |
| 650 ## - SUBJECT ADDED ENTRY--TOPICAL TERM | |
| Topical term or geographic name entry element | PLANTS |
| 650 ## - SUBJECT ADDED ENTRY--TOPICAL TERM | |
| Topical term or geographic name entry element | VEGETATION AND CLIMATE--MATHEMATICAL MODELS |
| 856 ## - ELECTRONIC LOCATION AND ACCESS | |
| Uniform Resource Identifier | http://www.loc.gov/catdir/toc/cam025/91024016.html |
| 856 ## - ELECTRONIC LOCATION AND ACCESS | |
| Uniform Resource Identifier | http://www.loc.gov/catdir/description/cam024/91024016.html |
| 995 ## - | |
| -- | BINDERY (DAMAGED) |
| -- | 0.00 |
| -- | 733921 |
| -- | CBU-MAIN LIBRARY (Kitwe) |
| -- | 2 |
| -- | 25.00 |
| -- | QK 754.5 Jon |
| -- | 2 |
| -- | DAMAGED |
| -- | 46161 |
| -- | Main Library Open Access Collection |
| 995 ## - | |
| -- | MAIN LIBRARY OPEN ACCESS |
| -- | 0.00 |
| -- | 731852 |
| -- | CBU-MAIN LIBRARY (Kitwe) |
| -- | 1 |
| -- | 25.00 |
| -- | QK 754.5 Jon |
| -- | 1 |
| -- | AVAILABLE |
| -- | 029120 |
| -- | Main Library Open Access Collection |
| 999 ## - | |
| -- | 81979 |
| -- | 81979 |
| Withdrawn status | Lost status | Source of classification or shelving scheme | Damaged status | Not for loan | Permanent Location | Current Location | Shelving location | Date acquired | Total Checkouts | Full call number | Barcode | Date last seen | Copy number | Price effective from | Koha item type |
|---|---|---|---|---|---|---|---|---|---|---|---|---|---|---|---|
| CBU-MAIN LIBRARY, KITWE. | CBU-MAIN LIBRARY, KITWE. | 09/12/2023 | QK 754.5 Jon | 46161 | 09/12/2023 | 1 | 09/12/2023 | MONOGRAPH | |||||||
| CBU-MAIN LIBRARY, KITWE. | CBU-MAIN LIBRARY, KITWE. | 09/12/2023 | QK 754.5 Jon | 029120 | 09/12/2023 | 2 | 09/12/2023 | MONOGRAPH |